000 01142cam a22003377a 4500
003 CHAP
005 20220329132933.0
008 971013s1989 r 00010 d
010 _a418
011 _a1390
035 _a566
040 _cCHAP
090 _aTesis
100 0 0 _aSantiago Velazco, Octavio.
_9102399
245 0 _aOrganización de productores de ganado bovino del sistema de doble propósito, región
_b: Costa de Chiapas
260 _aChapingo, Méx. :
_bEl autor,
_c1989
300 _a110 h.
500 _a36-131
502 _aTesis (Ing. Agrónomo esp. en Economía Agrícola) -- UACH. Departamento de Economía Agrícola
590 _aALEPH
_b10
_c20130110
_lUCH01
_h1205
590 _aBATCH-UPD
_b10
_c20130110
_lUCH01
_h1934
590 _aBATCH-UPD
_b10
_c20130410
_lUCH01
_h1258
590 _aBATCH-UPD
_b10
_c20130914
_lUCH01
_h1509
590 _aCONVERSION
_b10
_c20130109
_lUCH01
_h1302
650 1 4 _aGanado de carne
_xChiapas.
_945074
650 1 4 _aGanado lechero
_xChiapas.
_945245
650 1 4 _aOrganización de productores.
_983544
901 _aBK
942 _cTESIS
949 _bBC
_cTES
_d-10018
_eTS1
_h22621
_i566
_si
999 _c418
_d418